| 000 | 00908nam a22002297a 4500 | ||
|---|---|---|---|
| 003 | urs | ||
| 005 | 20230125101825.0 | ||
| 008 | 230118b |||||||| |||| 00| 0 eng d | ||
| 100 |
_aHilario, Jason Reu A. _eAuthor _93285 |
||
| 245 |
_aTraining and Development Program of fortune life insurance company incoporated in Pasig City: An Evaluation _bJason Reu A. Hilario, Laiza Dennize C. Bonifacio, John Peter R. Funtanar |
||
| 260 | _c2022 | ||
| 300 |
_axi, 58 leaves _c28 cm |
||
| 336 |
_2rdacontent _atext |
||
| 337 |
_2rdamedia _aunmedia |
||
| 338 |
_2rdacarrier _avolume |
||
| 502 |
_aThesis _bBSBA-Human Resource Management _cUniversity of Rizal System Binangonan _d2022 |
||
| 504 | _aincludes bibliographical references | ||
| 700 |
_93297 _aBonifacio, Laiza Dennize C. _eAuthor |
||
| 700 |
_93300 _aFutanar, John Peter R. _eauthor |
||
| 700 |
_91594 _aAbelardo B. CeƱidoza, MAT _eadviser |
||
| 942 |
_2lcc _cT |
||
| 999 |
_c67841 _d67841 |
||